Nagy tűz Kálnarosztokán

Správa o veľkom požiari v Kalnej Roztoke 17.-18. novembra 1917. Vyhorel majetok statkára Leopolda Tyrolera - t.j. celý chov hovädzieho dobytka a celé gazdovstvo. Škoda vyčíslená na niekoľko sto tisíc. Z poistenia škody nebudú nahradené. Kalná Roztoka patrí pod četnícky obvod Stakčín a keďže tu pracu...

Celý popis

Podrobná bibliografia
Médium: Článok
Jazyk:Hungarian
Témy:
Zdroj: 1. Felvidéki Hirlap 1. Roč. 11, č. 19 (25.11.1917) s. 3
LEADER 01216nab#a2200325#ar4500
001 000074701
003 SVKKK
005 20050330xxxxxxx.
008 06 c xo huno
FMT
038 |a SVKKK 
040 |a SVKKK  |b slo  |e AACR2 
041 0 |a hun 
044 |a xo  |c SK 
080 |a 351 
080 |a 614.84 
242 1 0 |a Veľký požiar v Kalnej Roztoke 
245 0 0 |a Nagy tűz Kálnarosztokán 
500 |a mikrofilm 
520 2 |a Správa o veľkom požiari v Kalnej Roztoke 17.-18. novembra 1917. Vyhorel majetok statkára Leopolda Tyrolera - t.j. celý chov hovädzieho dobytka a celé gazdovstvo. Škoda vyčíslená na niekoľko sto tisíc. Z poistenia škody nebudú nahradené. Kalná Roztoka patrí pod četnícky obvod Stakčín a keďže tu pracujú aj ruskí zajatci, bolo by potrebné zriadiť aj vojenské hliadky. 
650 0 4 |a požiare - Tyroler, Leopold (statkár) - Kalná Roztoka (HN) - 17.-18.11.1917 - správy 
650 0 4 |a zajatci ruskí - Kalna Roztoka (HN) 
773 0 |t Felvidéki Hirlap  |g Roč. 11, č. 19 (25.11.1917) s. 3 
957 |a Kalná Roztoka 
958 |a DG 
958 |a SK 
974 |a Ba  |d 20050330 
992 |a RBX 
BAS
998 |a RETRO